000 00717nam a2200253Ia 4500
001 132323
003 224004
005 20250129093553.0
008 ||||||n9999 ||| || ||
082 _a341753
100 _aParra Rodríguez, Carmen
_9160379
245 0 _aEl nuevo derecho internacional de los contratos
_cCarmen Parra Rodríguez ; prólogo Alegría Borrás Rodríguez
250 _aPrimera edición
504 _aIncluye bibliografía
562 _e3
650 _aCONTRATOS (DERECHO INTERNACIONAL)
_9160380
650 0 _aDerecho comercial
_910745
650 0 _aDerecho internacional
_93831
942 _cBKM
999 _c132323
_d132323
526 _a105630
526 _a1698
526 _a51868
526 _a1697